Cádiz en la guerra de la independencia / (Record no. 42616)
[ view plain ]
| 000 -LEADER | |
|---|---|
| campo de control de longitud fija | 00855nam a2200229 i 4500 |
| 001 - NÚMERO DE CONTROL | |
| campo de control | 42616 |
| 003 - IDENTIFICADOR DE NÚMERO DE CONTROL | |
| campo de control | ES-MaACL |
| 005 - FECHA Y HORA DE LA ÚLTIMA TRANSACCIÓN | |
| campo de control | 20250905063038.0 |
| 007 - CAMPO FIJO DE DESCRIPCIÓN FÍSICA--INFORMACIÓN GENERAL | |
| campo de control de longitud fija | t| |
| 008 - DATOS DE LONGITUD FIJA--INFORMACIÓN GENERAL | |
| campo de control de longitud fija | 030313s1862 sp ||||1| spa d |
| 080 ## - NÚMERO DE LA CLASIFICACIÓN DECIMAL UNIVERSAL | |
| Número de la Clasificación Decimal Universal | 94(460.355 C.)"18" |
| 080 ## - NÚMERO DE LA CLASIFICACIÓN DECIMAL UNIVERSAL | |
| Número de la Clasificación Decimal Universal | 94(460)"1808/14" |
| 100 1# - ENTRADA PRINCIPAL--NOMBRE DE PERSONA | |
| Nombre de persona | Castro, Adolfo de, |
| Fechas asociadas al nombre | 1823-1898 |
| 9 (RLIN) | 36824 |
| 245 10 - MENCIÓN DEL TÍTULO | |
| Título | Cádiz en la guerra de la independencia / |
| Mención de responsabilidad, etc. | cuadro histórico por Adolfo de Castro. |
| 260 ## - PUBLICACIÓN, DISTRIBUCIÓN, ETC. | |
| Lugar de publicación, distribución, etc. | Cádiz : |
| Nombre del editor, distribuidor, etc. | [s.n.], |
| Fecha de publicación, distribución, etc. | 1862 ( |
| Fabricante | Imp. Federico Solis) |
| 300 ## - DESCRIPCIÓN FÍSICA | |
| Extensión | 72 p. ; |
| Dimensiones | 31 cm. |
| 651 #4 - PUNTO DE ACCESO ADICIONAL DE MATERIA--NOMBRE GEOGRÁFICO | |
| Nombre geográfico | Cádiz- |
| Subdivisión general | Historia- |
| Subdivisión cronológica | S.XIX. |
| 9 (RLIN) | 7918 |
| 651 #4 - PUNTO DE ACCESO ADICIONAL DE MATERIA--NOMBRE GEOGRÁFICO | |
| Nombre geográfico | España- |
| Subdivisión general | Historia- |
| Subdivisión cronológica | 1808-1814, Guerra de la Independencia |
| 9 (RLIN) | 8244 |
| 852 ## - LOCALIZACIÓN | |
| Ubicación | ES-MaACL |
| Número de control de estantería | D-19 |
| 856 ## - LOCALIZACIÓN Y ACCESO ELECTRÓNICOS | |
| Identificador Uniforme de Recursos | <a href="http://bibliotecadigitalhispanica.bne.es:80/webclient/DeliveryManager?pid=1865905&custom_att_2=simple_viewer">http://bibliotecadigitalhispanica.bne.es:80/webclient/DeliveryManager?pid=1865905&custom_att_2=simple_viewer</a> |
| Nota pública | Ir a la página |
| Estatus retirado | Estado de pérdida | Estado de daño | No para préstamo | Colección | Biblioteca de origen | Biblioteca actual | Ubicación en estantería | Fecha de adquisición | Fuente de adquisición | Total de préstamos | Signatura topográfica completa | Código de barras | Visto por última vez | Precio de reemplazo | Tipo de ítem Koha |
|---|---|---|---|---|---|---|---|---|---|---|---|---|---|---|---|
| Colección digital | Biblioteca del Ateneo de Madrid | Biblioteca del Ateneo de Madrid | Sala Valle Inclán | 17/01/2008 | D-19 | 901044860 | 23/02/2023 | 23/02/2023 | Libro impreso antiguo |
